Quick Pick: Television 'A' Shows Quiz Stats

 Plays Quiz Updated Aug 29, 2017

     
Support Sporcle.
Go Orange.
Score 0/10 Timer 01:00
1 Play Today
% Correct
All in the Family
93.6%
ALF
89.2%
Alias
86.2%
Adventures of Superman
81.7%
Are You Afraid of the Dark?
81.4%
Angel
79.8%
Ace of Cakes
74.2%
Alice
69.4%
Alien Nation
61.9%
All That
56.9%

Today's Daily Dose

From the Vault

Group Clicking: Europe

by Barbecue

Geography 60s
Things go a lot faster when you don't have to do them one-at-a-time.
Remove Ads.
Support Sporcle.
Get the best of Sporcle when you Go Orange. This ad-free experience offers more features, more stats, and more fun while also helping to support Sporcle. Thank you for becoming a member.

Show Comments

Extras

Top Quizzes Today


Score Distribution

Your Account Isn't Verified!

In order to create a playlist on Sporcle, you need to verify the email address you used during registration. Go to your Sporcle Settings to finish the process.

Report this User

Report this user for behavior that violates our Community Guidelines.

Details: